Great political thinkers. : (Record no. 740)

MARC details
000 -LEADER
fixed length control field 00507cam a2200193ua 4500
001 - CONTROL NUMBER
control field 815
005 - DATE AND TIME OF LATEST TRANSACTION
control field 20260515113228.0
008 - FIXED-LENGTH DATA ELEMENTS--GENERAL INFORMATION
fixed length control field 110420n ii |||gr||||Z||||||eng
040 ## - CATALOGING SOURCE
Transcribing agency MAIN
082 ## - DEWEY DECIMAL CLASSIFICATION NUMBER
Classification number 320.5
245 1# - TITLE STATEMENT
Title Great political thinkers. :
Remainder of title Plato to Aristotle. /
Statement of responsibility, etc. By William Ebenstein.
250 ## - EDITION STATEMENT
Edition statement 3rd.
260 ## - PUBLICATION, DISTRIBUTION, ETC.
Place of publication, distribution, etc. Bombay.:
Name of publisher, distributor, etc. Oxford.,960.
300 ## - PHYSICAL DESCRIPTION
Extent 978 p.:
Dimensions 29 cm.
653 ## - INDEX TERM--UNCONTROLLED
Uncontrolled term Political science.
653 ## - INDEX TERM--UNCONTROLLED
Uncontrolled term Great political thinkers.
700 1# - ADDED ENTRY--PERSONAL NAME
Personal name Ebenstein, William.,
942 ## - ADDED ENTRY ELEMENTS (KOHA)
Koha item type Books
Holdings
Withdrawn status Lost status Damaged status Not for loan Home library Current library Shelving location Date acquired Total checkouts Full call number Barcode Date last seen Copy number Price effective from Koha item type
        Naharkatiya College Library Naharkatiya College Library General stacks 09/19/2020   320.5 | EBE 219 09/19/2020 1 09/19/2020 Books